Pozoruhodný Dialog. Společnost, která se neleká ztrát.

Informácia o účastinnej spoločnosti Dialog Praha, ktorá vznikla v r. 1989 spojením českého, amerického a vtedy ešte sovietskeho kapitálu. Tvorí jeden zo základov mostu medzi východom a západom. Má množstvo dcérskych spoločností v ČSFR i za hranicami. Podniká od informačných systémov pre nemocnice až...

Descripción completa

Guardado en:
Detalles Bibliográficos
Autor principal: Simonian, Aram
Formato: Capítulo de libro
Lenguaje:checo
Materias:
Etiquetas: Agregar Etiqueta
Sin Etiquetas, Sea el primero en etiquetar este registro!

MARC

LEADER 00000naa a2200000 4500
001 r009305
005 20220831083959.3
041 0 |a cze 
044 |a [CS] 
245 1 0 |a Pozoruhodný Dialog.  |b Společnost, která se neleká ztrát.  |c A. Simonian 
520 |a Informácia o účastinnej spoločnosti Dialog Praha, ktorá vznikla v r. 1989 spojením českého, amerického a vtedy ešte sovietskeho kapitálu. Tvorí jeden zo základov mostu medzi východom a západom. Má množstvo dcérskych spoločností v ČSFR i za hranicami. Podniká od informačných systémov pre nemocnice až po vydávanie novín a prevádzkovanie reštaurácií. Zameranie článku na činnosť v cestovnom ruchu, na rozbor Dialog-Touru a CK D-Tour. 
610 2 0 |a spoločnosti akciové 
610 2 0 |a 1989 
610 2 0 |a kapitál 
610 2 0 |a kapitál zahraničný 
610 2 0 |a ruch cestovný 
610 2 0 |a Dialog Praha 
610 2 0 |a podnikanie 
610 2 0 |a systémy informačné 
610 2 0 |a ČSFR 
610 2 0 |a firmy 
610 2 0 |a organizácie obchodné 
100 1 |a Simonian, Aram